Les compétitions des équipes nationales de Football - Statistiques

Statistiques générales
  • Ce quiz a été pris 85 fois
    37 depuis la dernière actualisation
  • Le résultat moyen est 5 sur 11
Statistiques - réponses
Continent Compétitions % Correct
Europe Championnat d'Europe de football
94%
Afrique Coupe d'Afrique des nations
94%
Monde Coupe du monde
91%
Ligue des Nations
88%
Amérique du Sud Copa América
79%
Asie Coupe d'Asie des nations de football
32%
Océanie Coupe d'Océanie de football
24%
Amérique du Nord Gold Cup
12%
Jeux Olympiques
12%
Championnat d'Afrique des nations
6%
Coupe des champions CONMEBOL–UEFA
6%
Aucun quiz correspondant
Distribution des résultats
% des personnes avec chaque résultat
Percentile par nombre de réponses
Votre historique - résultats
Vous n’avez pas pris ce quiz depuis la dernière actualisation